00869cam a22002531 4500001001300000003000400013005001700017008004100034010001700075035001900092040002400111042001200135050002200147100004300169245005900212260001900271300007500290410005100365500007500416500003900491504003200530650003600562999001700598gs 25000044 DLC20260227111329.0760920s1925 okufb 000 0 eng  ags 25000044  a(OCoLC)2452356 aDLCcOTdOCoLCdDLC apremarc00aQE153b.A2 no. 331 aBullard, Fred M.q(Fred Mason),d1901-10aGeology of Love County, Oklahoma,cby Fred M. Bullard. aNorman,c1925. a77 p.bill., XXIX pl. (part fold., incl. map, profiles) tables. 24 cm.10aOklahoma.bGelogical survey.tBulletinvno. 33 aAt head of title: Oklahoma Gelogical survey. Chas. N. Gould, director. aMap and 2 plates folded in pocket. aBibliographical references. 0aGeologyzOklahomazLove County. c26360d26360